000 00739cam a22002053a 4500
001 38859
003 PGUSA
005 20140828083846.0
008 120213s2012||||xxu|||||s|||||000 | eng d
040 _aPGUSA
_beng
042 _adc
100 1 _aRobbins, Edward Mott
245 1 0 _aCivil War Experiences, 1862-1865 :
_bChickamauga, Mission Ridge, Buzzard Roost, Resaca, Rome, New Hope Church, Kenesaw Mountain, Peach Tree Creek, Atlanta, Jonesboro, Averysboro, Bentonville
_h[electronic resource] /
_cEdward Mott Robbins
260 _bProject Gutenberg,
_c2012
506 _aPublic domain in the USA.
516 _aElectronic text
830 0 _aProject Gutenberg
_v38859
856 4 0 _uhttp://www.gutenberg.org/ebooks/38859
942 _cEB
999 _c268113
_d268113